| 000 | 00379nam a2200133Ia 4500 | ||
|---|---|---|---|
| 008 | 220217s9999||||xx |||||||||||||| ||und|| | ||
| 020 | _a0-7621-0338-8 | ||
| 082 | _a004 REA | ||
| 100 |
_aReader's digest association _93117 |
||
| 245 | 0 | _a1001 computer hints and tips | |
| 260 |
_aReader's digest association _bNew York _c2001 |
||
| 300 | _b419 | ||
| 650 | _aCOMPUTER SCIENCE | ||
| 999 |
_c170891 _d170891 |
||